Normal view
MARC view
Entry Personal Name
001 - CONTROL NUMBER
- control field: 7220
003 - CONTROL NUMBER IDENTIFIER
- control field: BD-RjUL
005 - DATE AND TIME OF LATEST TRANSACTION
- control field: 20230327110815.0
008 - FIXED-LENGTH DATA ELEMENTS
- fixed length control field: 230327|| aca||aabn | a|a d
040 ## - CATALOGING SOURCE
- Original cataloging agency: BD-RjUL
- Transcribing agency: BD-RjUL
100 ## - HEADING--PERSONAL NAME
- Personal name: শহীদুল জহিরের
- Dates associated with a name: ১৯৫৩-২০০৮
670 ## - SOURCE DATA FOUND
- Source citation: Work cat.: (BD-RjUL)81308: হোসাইন, মো. দেলোয়ার 7219, শহীদুল জহিরের সাহিত্যেকর্ম /, ২০২০